MDQL
is popping MORE tags! Check the
thread
!
Quizzes
Events
Quiz Creation
Community
Videos
Private Events
Remove Ads
Sign In
Join for FREE
Feedback
Dark Mode
Quiz Categories
Sports
Geography
Music
Movies
Television
Just For Fun
Miscellaneous
History
Literature
Language
Science
Gaming
Entertainment
Religion
Holiday
For Kids
Quiz Lab
Recent
Popular Today
Quiz Kudos Today
Editor Picks
Curator Picks
Quizzes by...
Day
Popularity
Type
Ratings
Length
Year
Community
Subscriptions
Recent Discussions
Orange Saloon
Badges
Playlists
Quests
Create
Leaderboards
Showdown
Live 5
Trivia Bingo
Activity
Puzzle Library
Sporcle Events
Private Events
Virtual Trivia
Globe League
Become a Host
Pub Owners
SporcleCon
Opinionation
Our Games
Videos
Blog
Mobile Apps
Partnerships
Remove Ads and Go Orange
Feedback
Just For Fun
Clickable
Get the Picture
Humor
Quick Pick
Word Ladder
Missing Word
Mixed Word
Blitz
Minefield
This or That
Alphabet
Color
Typing
Sporcle
Puzzle
Word Play
Follow That Line
Logic
Just For Fun
Clickable
Get the Picture
Humor
Quick Pick
Word Ladder
Missing Word
Mixed Word
Blitz
Minefield
This or That
Alphabet
Color
Typing
Sporcle
Puzzle
Word Play
Follow That Line
Logic
Random Quiz
Search Sporcle
×
Featured
Featured
Just For Fun
Color
Click on regions of an image
Click on regions of an image
Picture Click
Best Score? Go Orange.
Color Categories Stats
Can you click the area corresponding to each named color, according to an xkcd survey?
By
arcer
4m
25 Questions
17.7K Plays
17,658 Plays
17,658 Plays
Comments
Comments
Give Quiz Kudos
Give Quiz Kudos
-
- Ratings
hide this ad
Forced Order
Answers have to be entered in order
Answers have to be entered in order
Replay
Link that replays current quiz
Next Quiz
Link to next quiz in quiz playlist
You Got
0%
They Got
Avg Score
59%
Avg Friend Score
Upgrade to see
Score Distribution
Jump to the score distribution portion of the page
Score
0/25
Timer
04:00
0
Plays Today
% Correct
Green
87.6%
Red
86.6%
Blue
85.9%
Yellow
85.8%
Orange
84.5%
Purple
79%
Black
78.5%
Pink
77.6%
Dark Green
75.9%
Brown
70.5%
Teal
66.6%
Dark Blue
64%
Maroon
63.9%
% Correct
Lime Green
58.2%
Light Blue
52.3%
Olive
50.4%
Mustard
49.5%
Dark Purple
48.4%
Cyan
46.2%
Navy Blue
43.3%
Magenta
40.3%
Dark Teal
34%
Sky Blue
24.3%
Dark Brown
20%
Gold
19.8%
Quiz Playlist
Details
Report
Send in Message
Add To Playlist
Picture Click:
Click on regions of an image
Forced Order:
Answers have to be entered in order
Quiz Source
Last Updated: Aug 30, 2018
Featured
Curator Pick in
Color
Quiz Scoreboard
CHALLENGE
Sign Up to Join the Scoreboard
Show All
Scores
Hide
Comments
May contain spoilers
Recently Published
1-10 Letter E Words III
by El_Dandy
Language
2m
Street Fighter Characters
by Artimus82
Gaming
60s
College Basketball Coaching Resumes
by pancakes188
Sports
9m
More to Explore
Quiz From the Vault
Featured Blog Post
Where Did the Easter Bunny Come From?
hide this ad
You Might Also Like...
Tags
Color Quiz
map
xkcd
Today's Top Quizzes in Just For Fun
Browse Just For Fun
hide this ad
Today's Top Quizzes in Color
Browse Color
Top Contributed Quizzes in Just For Fun
1
Name Just One - 10 to 1: Just For Fun
2
Killer Double Trees 224 - Colour Match-Up
3
Spring Typing Challenge
4
Crossword Whiteout! 49
5
Zeroing In: Just For Fun
6
Survivor Winners Logic Puzzle
7
Word Ladder: Ahoy Matey
8
Word Ladder: Wilderness Weapon
9
Kyle's 122nd Triple Trees
10
Clickable Animal Jokes #2
Explore More
Trending Topics
NBA
Disney
Crossword
Kpop
Harry Potter
Anime
Marvel
WWE
Song
The Office
NFL
Pokémon
Puzzle
Country
Soccer
hide this ad
More By:
arcer
Quiz
Plays
Rating
Category
Featured
Created
Timeline of US Presidents
50,169
4.86
History
Dec 27, 2016
Timeline of 20th Century Wars
37,101
4.62
History
Jan 10, 2017
Timeline of 20th Century Dates
35,689
4.83
History
Feb 1, 2017
Movies by Color Barcode
30,993
4.57
Movies
Dec 5, 2016
Click the NES Games
30,973
4.54
Gaming
Jan 17, 2017
Go to Creator's Profile
Score Distribution
Quiz Creator Spotlight
arcer
Follow
Send a Message
Quizzes Created
-
Created Quiz Play Count
-
More By This Creator
Popular Quizzes Today
1
Find the US States - No Outlines Minefield
2
Find the Countries of Europe - No Outlines Minefield
3
The Countries of the World
4
Find the US States
5
Risky Map Clicking: Biggest States A-Z
6
US States
7
Popular People in 1961
8
Movies - When Are They Set?
More Just For Fun Quizzes
Letter or Number Minefield Blitz
Published
Trending Quizzes
Risky Map Clicking: Least Populous States A-Z
Billboard Blitz: Aretha Franklin
Famous Russians: Author or Composer?
1-10 Letter G Words
Countries of the World: 200 Million BC
Recently Updated
Leaping Animals
pecheneg
Reality TV Shows (A-Z)
bhenderson79
Rickey Henderson's Hall of Fame Teammates
pecheneg
Champions League XIs: Arsenal
pecheneg
Quick Pick: Celebrities in WWE's Hall of Fame
aduchscher
A-Z Keypad Blitz II
pecheneg
Multiple Oscar Actors
pecheneg
Mystery Phrase Blitz: Oscar 'Best Actors'
pecheneg
F. Scott Fitzgerald Novels
LTH
Pick 3 Villains
ddd62291
Trending Topics
Kpop
Crossword
Marvel
Disney
NBA
Anime
Harry Potter
Pokémon
WWE
Song
Puzzle
Soccer
The Office
NFL
Country
Your Account Isn't Verified!
In order to create a playlist on Sporcle, you need to verify the email address you used during registration. Go to your
Sporcle Settings
to finish the process.
Report this User
Report this user for behavior that violates our
Community Guidelines
.
Details:
Send Report
Go to the Sporcle.com Mobile Site →
Comments